banner-ar

المراة العربية فى المواجهة النضالية والمشاركة العامة / (Record no. 9037)

MARC details
000 -الفاتح
حقل البيانات ثابتة الطول 00970nam a2200265Ia 4500
008 - عناصر البيانات ثابتة الطول - معلومات عامة
حقل البيانات ثابتة الطول 140319s9999 xx 000 0 ara d
020 ## - الرقم الدولى المعيارى للكتب
الرقم الدولى المعيارى للكتاب 3100829953
040 ## - مصدر الفهرسة
وكالة الفهرسة الأصلية GCL /
وكالة النسخ GCL
082 04 - رقم تصنيف ديوى العشرى
رقم التصنيف 305.42
رقم المادة ا م
100 1# - المدخل الرئيسى - إسم شخصى
الإسم الشخصى فاضل الربيعى
245 10 - بيان العنوان
العنوان المراة العربية فى المواجهة النضالية والمشاركة العامة /
بيان المسئوليه,etc فاضل الربيعى
700 1# - المدخل الاضافى - اسم شخصى
الإسم الشخصى احمد جابر
700 1# - المدخل الاضافى - اسم شخصى
الإسم الشخصى خالد على عبدالخالق
250 ## - بيان الطبعة
بيان الطبعة الاولى
260 ## - PUBLICATION, DISTRIBUTION, ETC. (IMPRINT)
تاريخ النشر أو التوزيع 2006
300 ## - الوصف المادى
التعداد 168 ص ؛
أبعاد الوعاء 24 سم
490 ## - بيان السلسلة
عنوان السلسلة سلسلة كتب المستقبل العربى
رقم المجلد/ التعيين التسلسلي 53
650 04 - المدخل الاضافى بالموضوع-مصطلح موضوعى
مصطلح موضوعي المرأة فى الحياة العامة
650 04 - المدخل الاضافى بالموضوع-مصطلح موضوعى
مصطلح موضوعي المرأة فى السياسة
650 04 - المدخل الاضافى بالموضوع-مصطلح موضوعى
مصطلح موضوعي المرأة - تصويت
650 04 - المدخل الاضافى بالموضوع-مصطلح موضوعى
مصطلح موضوعي المرأة العراقية
650 04 - المدخل الاضافى بالموضوع-مصطلح موضوعى
مصطلح موضوعي المرأة الفلسطينية
942 ## - عناصر المدخل الإضافي( كوها)
مصدر التصنيف او مخطط الترفيف Dewey Decimal Classification
Koha [default] item type كتاب
260 ## - PUBLICATION, DISTRIBUTION, ETC. (IMPRINT)
-- بيروت :
-- مركز دراسات الوحدة العربية ،
Holdings
حالة التراجع حالة الفقد حالة تلف ليس للاعارة المكان المؤقت الموقع الحالى تاريخ الاكتساب اجمالي اﻻعارات رقم الطلب الباركود تاريخ اخر مشاهدة تاريخ تفعيل السعر نوع وعاء كوها
        مكتبة القاهرة الكبرى مكتبة القاهرة الكبرى 03/26/2014   305.42\ا م 18855 03/26/2014 03/26/2014 كتاب
        مكتبة القاهرة الكبرى مكتبة القاهرة الكبرى 03/26/2014   305.42\ا م 18856 03/26/2014 03/26/2014 كتاب

Powered By

EGPV